00875 2200289 4500001002100000005001700021008004100038020001800079035002400097040001200121082001000133090001700143100001700160245016200177250001000339260002900349300002500378500002400403650002900427700002900456700002500485850001200510990001500522990001600537990001600553990001600569YOGYA-0209000007271720090227093640.0 ind  a979-168-073-6 0010-020900000072717 aYOPDYOG a297.8 a297.8bYog A aYOGASWARA, A aAliran sesat dan nabi-nabi palsubRiwayat aliran sesat dan para nabi palsu di IndonesiacA.Yogaswara,Maulana Ahmad jalidu;penyunting raditya Lingga Jagatnata aCet.2 aYogyakartabNarasic2008 a108 hlmbIlusc21 cm aBibliografi:hlm 108 aIslam - Aliran dan sekte aJagatnata,Raditya Lingga aJALIDU,Maulana Ahmad aYOPDYOG a08P0000179 a180-PD/P.08 a180-PD/P.08 a181-PD/P.08